02079nam a2200301Ii 4500001001300000003000600013005001700019008004100036015001900077016001800096020001500114020001800129035002200147040007600169041000800245050002100253100003900274245011300313264007100426300004700497520100100544650003001545650003101575700003901606942000801645952010901653999001501762on1039599785OCoLC20250923114605.0180612s2019 enka 000 0 eng d aGBB8K33682bnb7 a0191163062Uk a1787133192 a9781787133198 a(OCoLC)1039599785 aYDXbengerdacYDXdBDXdUKMGBdOCLCOdOCLCQdOCLCFdZHIdIGAdSSHdCLE aeng 4aGE196b.C55 2019 aChillingsworth, Jeneauthor92574910aLive green b: 52 steps for a more sustainable life c/ Jen Chillingsworth ; illustrations by Amelia Flower. 1aLondon :bQuadrille, an imprint of Hardie Grant Publishing,c2019. a157 pages :bcolor illustrations ;c17 cm. aMany of us are already making efforts to lead a greener lifestyle. We recycle, cut down on waste and plastics, choose organic produce when we shop, eat less meat, and select environmentally friendly cleaning products. Yet we often feel we should be doing more, and it can be daunting to know where to begin. Live Green is a practical guide offering 52 tips and simple changes you can introduce to your home and lifestyle over the course of a year. Covering every aspect of daily life – from your home and garden to cleaning routines, food, fashion, natural beauty, and even Christmas – this book provides all the tools you need to live more sustainably. Discover how to adjust everyday habits to let go of environmental guilt and embrace the joys of a slower, simpler life. From making your own eco-friendly cleaning products and enhancing your natural beauty routine to curating a capsule wardrobe and composting, you’ll learn how to live with greater intention. Live simply. Live green. 0aSustainable living910807 0aSelf-reliant living925750 aFlower, Ameliaeillustrator925751 2lcc 00102lcc4070aTBSbTBSd2025-08-25l2m1oGE196 CHIpB07594r2025-12-15s2025-12-03t1w2025-08-25y1 c4855d4855